Západoslovenský stavbár
| Previous Title: | Bratislavský stavbár |
|---|---|
| Format: | Newspaper |
| Language: | Slovak |
| PhysicalDescription: | 31 zv. 47 cm |
| Published: |
Bratislava
ZO KSS, ZV ROH a vedenie Krajského združenia národných podnikov stavebníctva
1960-1990
Bratislava ZO KSS, ZV ROH a vedenie Krajského združenia národných podnikov stavebnej výroby Bratislava ZO KSS, ZV ROH a vedenie Pozemného staviteľstva, odborového riaditeľstva Trnava Bratislava ZO KSS, ZV ROH a vedenie Pozemných stavieb Vodohospodárske stavby Trnava Pozemné stavby Bratislava Trnava Pozemné stavby Bratislava Pozemné stavby Trnava Trnava CPV KSS, PV ROH a vedenie podniku Pozemné stavby Trnava SV KSS, PV ROH a vedenie podniku Pozemné stavby Trnava SV KSS a vedenie podniku Pozemné stavby Trnava Vedenie podniku Pozemné stavby |
| Subjects: |
MARC
| LEADER | 00000cas a2200000 a 4500 | ||
|---|---|---|---|
| 001 | vtls010656751 | ||
| 003 | SK-MaSNL | ||
| 005 | 20260228163451.0 | ||
| 008 | 160429d19601990xo er|n 0 b0slo | ||
| 040 | |a SNK |b slo |c SNK |e AACR2 | ||
| 041 | 0 | |a slo | |
| 044 | |a xo |c SK | ||
| 072 | 7 | |a 69 |x Stavebníctvo |2 konspekt | |
| 080 | |a 050 |2 2001 | ||
| 080 | |a 69 |2 2001 | ||
| 080 | |a 624.9 |2 2001 | ||
| 245 | 0 | 0 | |a Západoslovenský stavbár |
| 246 | 1 | 3 | |a Stavbár |b časopis zamestnancov Pozemných stavieb n.p. Trnava |f 1/1966-24/1966 |
| 260 | |a Bratislava |b ZO KSS, ZV ROH a vedenie Krajského združenia národných podnikov stavebníctva |c 1960-1990 | ||
| 260 | 2 | |3 14/1963-7/1965 |a Bratislava |b ZO KSS, ZV ROH a vedenie Krajského združenia národných podnikov stavebnej výroby | |
| 260 | 2 | |3 8/1965-14/1965 |a Bratislava |b ZO KSS, ZV ROH a vedenie Pozemného staviteľstva, odborového riaditeľstva | |
| 260 | 2 | |3 15/1965-26/1965 |a Trnava |b ZO KSS, ZV ROH a vedenie Pozemných stavieb |a Bratislava |b Vodohospodárske stavby | |
| 260 | 2 | |3 1966 |a Trnava |b Pozemné stavby | |
| 260 | 2 | |3 1967-1971 |a Bratislava |b Pozemné stavby Bratislava |a Trnava |b Pozemné stavby Trnava | |
| 260 | 2 | |3 1972-6/1976 |a Trnava |b CPV KSS, PV ROH a vedenie podniku Pozemné stavby | |
| 260 | 2 | |3 7/1976-3/1977 |a Trnava |b SV KSS, PV ROH a vedenie podniku Pozemné stavby | |
| 260 | 2 | |3 4/1977-23/1989 |a Trnava |b SV KSS a vedenie podniku Pozemné stavby | |
| 260 | 3 | |3 24/1989-1990 |a Trnava |b Vedenie podniku Pozemné stavby | |
| 300 | |a 31 zv. |c 47 cm | ||
| 310 | |a 26x ročne |b 23/1970-1990 | ||
| 321 | |a 1x týždenne |b 1967-22/1970 | ||
| 321 | |a 26x ročne |b 1960-1966 | ||
| 362 | 0 | |a Roč. III, č. 13 (1960)-roč. XXXII, č. 13 (1990) | |
| 500 | |a Redaktori sa menia | ||
| 500 | |a Tlač. Západoslovenské tlačiarne, závod 01 Bratislava ; od č. 1/1966 Západoslovenské tlačiarne, n.p. Bratislava ; 1/1989 Slovenská polygrafia, Západoslovenské tlačiarne, prevádzka 11, Bratislava | ||
| 500 | |a V r. 1966 vychádzal časopis v Trnave pod názvom: Stavbár | ||
| 500 | |a Nadviazal na časopis: Bratislavský stavbár | ||
| 500 | |a Podnázov sa mení | ||
| 515 | |a V r. 1971 vyšiel roč. 12 samostatne v Bratislave a roč. 13 samostatne v Trnave | ||
| 515 | |a Od roku 1967 do roku 1970 vychádzajú nepárne čísla v Bratislave s označením ročníkov (VIII/1)/1967, IX/1968, X/1969, XI/1970 a párne čísla v Trnave s označením ročníkov X/1967, X/1968, XI/1969, XII/1970 | ||
| 610 | 2 | 7 | |a Pozemné stavby (Bratislava, Slovensko) |2 SNKKA |9 272115 |
| 610 | 2 | 7 | |a Pozemné stavby (Trnava, Slovensko) |2 SNKKA |9 274095 |
| 650 | 0 | 7 | |a stavebníctvo |2 SNKPH |9 726 |
| 650 | 0 | 7 | |a pozemné stavby |2 SNKPH |9 1612 |
| 655 | 7 | |a podnikové periodiká |2 SNKPH |9 132333 | |
| 780 | 0 | 0 | |t Bratislavský stavbár |w vtls010301045 |
| 910 | |a snk | ||
| 916 | |a 1960-1990 | ||
| 958 | |a OND | ||
| 999 | |c 9484 |d 11414 | ||
| 952 | |0 0 |1 0 |4 0 |7 0 |a SNK |b SNK |d 2015-03-06 |f 1 |i snkČSP 457/82 |l 0 |o snkČSA 655/23/1981 |p 17A0787856 |r 2026-02-21 21:04:21 |t č. 1-26 |w 2026-02-21 |y PREZ | ||
| 952 | |0 0 |1 0 |4 0 |7 0 |a SNK |b SNK |d 2015-03-06 |f 1 |i snkČSP 571/83 |l 0 |o snkČSA 655/24/1982 |p 17A0787855 |r 2026-02-21 21:04:21 |t č. 1-26 |w 2026-02-21 |y PREZ | ||
| 952 | |0 0 |1 0 |4 0 |7 0 |a SNK |b SNK |d 2015-03-06 |f 1 |i snkČSP 184/84 |l 0 |o snkČSA 655/25/1983 |p 17A0787854 |r 2026-02-21 21:04:21 |t č. 1-26 |w 2026-02-21 |y PREZ | ||
| 952 | |0 0 |1 0 |4 0 |7 0 |a SNK |b SNK |d 2015-03-06 |f 1 |i snkČSP 776/86 |l 0 |o snkČSA 655/26/1984 |p 17A0787853 |r 2026-02-21 21:04:21 |t č. 1-26 |w 2026-02-21 |y PREZ | ||
| 952 | |0 0 |1 0 |4 0 |7 0 |a SNK |b SNK |d 2015-03-06 |f 1 |i snkČSP 778/86 |l 0 |o snkČSA 655/26/1985 |p 17A0787810 |r 2026-02-21 21:04:21 |t č. 1-26 |w 2026-02-21 |y PREZ | ||
| 952 | |0 0 |1 0 |4 0 |7 0 |a SNK |b SNK |d 2015-03-06 |f 1 |i snkČSP 3446/87 |l 0 |o snkČSA 655/29/1986 |p 17A0787930 |r 2026-02-21 21:04:21 |t č. 1-26 |w 2026-02-21 |y PREZ | ||
| 952 | |0 0 |1 0 |4 0 |7 0 |a SNK |b SNK |d 2015-03-06 |f 1 |i snkČSP 1293/88 |l 0 |o snkČSA 655/29/1987 |p 17A0787931 |r 2026-02-21 21:04:21 |t č. 1-26 |w 2026-02-21 |y PREZ | ||
| 952 | |0 0 |1 0 |4 0 |7 0 |a SNK |b SNK |d 2015-03-06 |f 1 |i snkČSP 1165/89 |l 0 |o snkČSA 655/30/1988 |p 17A0787923 |r 2026-02-21 21:04:21 |t č. 1-25 |w 2026-02-21 |y PREZ | ||
| 952 | |0 0 |1 0 |4 0 |7 0 |a SNK |b SNK |d 2015-03-06 |f 1 |i snkČSP 969/90 |l 0 |o snkČSA 655/31/1989 |p 17A0787922 |r 2026-02-21 21:04:21 |t č. 1-26 |w 2026-02-21 |y PREZ | ||
| 952 | |0 0 |1 0 |4 0 |7 0 |a SNK |b SNK |d 2015-03-06 |f 1 |i snkČSP 2005/91 |l 0 |o snkČSA 655/32/1990 |p 17A0787921 |r 2026-02-21 21:04:21 |t č. 1-13 |w 2026-02-21 |y PREZ | ||
| 952 | |0 0 |1 0 |4 0 |7 0 |a SNK |b SNK |d 2015-03-06 |i snkČSP 731/67 |l 0 |o snkČSA 655/9/1966 D1 |p 17A1142853 |r 2026-02-21 21:04:21 |t č. 1-24 |w 2026-02-21 |y PREZ | ||
| 952 | |0 0 |1 0 |4 0 |7 0 |a SNK |b SNK |d 2015-03-06 |i snkČSP 245/63 |l 0 |o snkČSA 655/4/1961 D1 |p 17A1142852 |r 2026-02-21 21:04:21 |t č. 1-26, neúplné |w 2026-02-21 |y PREZ |z chýba č. 1, 2, 9-11, 13, 14, 16, 17, 23-26 | ||
| 952 | |0 0 |1 0 |4 0 |7 0 |a SNK |b SNK |d 2015-03-05 |f 1 |i snkČSP 244/63 |l 0 |o snkČSA 655/4/1961 |p 17A0787958 |r 2026-02-21 21:04:28 |t č. 1-26, neúplné |w 2026-02-21 |y PREZ |z chýba č. 11 | ||
| 952 | |0 0 |1 0 |4 0 |7 0 |a SNK |b SNK |d 2015-03-05 |f 1 |i snkČSP 775/63 |l 0 |o snkČSA 655/5/1962 |p 17A0788005 |r 2026-02-21 21:04:28 |t č. 1-26 |w 2026-02-21 |y PREZ | ||
| 952 | |0 0 |1 0 |4 0 |7 0 |a SNK |b SNK |d 2015-03-05 |f 1 |i snkČSP 170/68 |l 0 |o snkČSA 655/6/1963 |p 17A0788006 |r 2026-02-21 21:04:28 |t č. 1-26 |w 2026-02-21 |y PREZ | ||
| 952 | |0 0 |1 0 |4 0 |7 0 |a SNK |b SNK |d 2015-03-05 |f 1 |i snkČSP 169/68 |l 0 |o snkČSA 655/7/1964 |p 17A0787925 |r 2026-02-21 21:04:28 |t č. 1-26 |w 2026-02-21 |y PREZ | ||
| 952 | |0 0 |1 0 |4 0 |7 0 |a SNK |b SNK |d 2015-03-05 |f 1 |i snkČSP 263/67 |l 0 |o snkČSA 655/8/1965 |p 17A0787933 |r 2026-02-21 21:04:28 |t č. 1-26 |w 2026-02-21 |y PREZ | ||
| 952 | |0 0 |1 0 |4 0 |7 0 |a SNK |b SNK |d 2015-03-05 |f 1 |i snkČSP 730/67 |l 0 |o snkČSA 655/9/1966 |p 17A0788003 |r 2026-02-21 21:04:28 |t č. 1-24 |w 2026-02-21 |y PREZ | ||
| 952 | |0 0 |1 0 |4 0 |7 0 |a SNK |b SNK |d 2015-03-05 |f 1 |i snkČSP 850/69 |l 0 |o snkČSA 655/1967 |p 17A0787955 |r 2026-02-21 21:04:28 |t č. 1-38, neúplné |w 2026-02-21 |y PREZ |z chýba č. 34, 36 | ||
| 952 | |0 0 |1 0 |4 0 |7 0 |a SNK |b SNK |d 2015-03-05 |f 1 |i snkČSP 865/69 |l 0 |o snkČSA 655/1968 |p 17A0787908 |r 2026-02-21 21:04:28 |t č. 1-49 |w 2026-02-21 |y PREZ |z č. 44, 46, 48 nevyšli | ||
| 952 | |0 0 |1 0 |4 0 |7 0 |a SNK |b SNK |d 2015-03-05 |f 1 |i snkČSP 516/70 |l 0 |o snkČSA 655/1969 |p 17A0787894 |r 2026-02-21 21:04:28 |t č. 1-48 |w 2026-02-21 |y PREZ | ||
| 952 | |0 0 |1 0 |4 0 |7 0 |a SNK |b SNK |d 2015-03-05 |f 1 |i snkČSP 738/71 |l 0 |o snkČSA 655/1970 |p 17A0787748 |r 2026-02-21 21:04:32 |t č. 1-52 |w 2026-02-21 |y PREZ |z č. 36, 49, 51 nevyšli | ||
| 952 | |0 0 |1 0 |4 0 |7 0 |a SNK |b SNK |d 2015-03-05 |f 1 |i snkČSP 1127/75 |l 0 |o snkČSA 655/12/1971 |p 17A0787752 |r 2026-02-21 21:04:32 |t č. 1-25 |w 2026-02-21 |y PREZ |z vyšlo v Bratislave, príloha Západoslovenský stavbár v slov. a maď., č. 4, 6, 8 nevyšli | ||
| 952 | |0 0 |1 0 |4 0 |7 0 |a SNK |b SNK |d 2015-03-05 |f 1 |i snkČSP |l 0 |o snkČSA 655/13/1971 |p 17A0787753 |r 2026-02-21 21:04:32 |t č. 1-26 |w 2026-02-21 |y PREZ |z vyšlo v Trnave | ||
| 952 | |0 0 |1 0 |4 0 |7 0 |a SNK |b SNK |d 2015-03-05 |f 1 |i snkČSP 1015/73 |l 0 |o snkČSA 655/14/1972 |p 17A1143140 |r 2026-02-21 21:04:32 |t č. 1-26 |w 2026-02-21 |y PREZ | ||
| 952 | |0 0 |1 0 |4 0 |7 0 |a SNK |b SNK |d 2015-03-05 |f 1 |i snkČSP 1078/74 |l 0 |o snkČSA 655/15/1973 |p 17A0787754 |r 2026-02-21 21:04:32 |t č. 1-24 |w 2026-02-21 |y PREZ | ||
| 952 | |0 0 |1 0 |4 0 |7 0 |a SNK |b SNK |d 2015-03-05 |f 1 |i snkČSP 951/75 |l 0 |o snkČSA 655/16/1974 |p 17A0787755 |r 2026-02-21 21:04:32 |t č. 1-24 |w 2026-02-21 |y PREZ | ||
| 952 | |0 0 |1 0 |4 0 |7 0 |a SNK |b SNK |d 2015-03-05 |f 1 |i snkČSP 960/77 |l 0 |o snkČSA 655/17/1975 |p 17A0788007 |r 2026-02-21 21:04:32 |t č. 1-24, neúplné |w 2026-02-21 |y PREZ |z chýba č. 21 | ||
| 952 | |0 0 |1 0 |4 0 |7 0 |a SNK |b SNK |d 2015-03-05 |f 1 |i snkČSP 1377/78 |l 0 |o snkČSA 655/18/1976 |p 17A0771514 |r 2026-02-21 21:04:32 |t č. 1-26 |w 2026-02-21 |y PREZ | ||
| 952 | |0 0 |1 0 |4 0 |7 0 |a SNK |b SNK |d 2015-03-05 |f 1 |i snkČSP 1665/91 |l 0 |o snkČSA 655/19/1977 |p 17A0787709 |r 2026-02-21 21:04:32 |t č. 1-26, neúplné |w 2026-02-21 |y PREZ |z chýba č. 9, 23-26 | ||
| 952 | |0 0 |1 0 |4 0 |7 0 |a SNK |b SNK |d 2015-03-05 |f 1 |i snkČSP 1449/80 |l 0 |o snkČSA 655/20/1978 |p 17A0787759 |r 2026-02-21 21:04:32 |t č. 1-26 |w 2026-02-21 |y PREZ | ||
| 952 | |0 0 |1 0 |4 0 |7 0 |a SNK |b SNK |d 2015-03-05 |f 1 |i snkČSP 1451/80 |l 0 |o snkČSA 655/21/1979 |p 17A0787760 |r 2026-02-21 21:04:32 |t č. 1-26 |w 2026-02-21 |y PREZ |z č. 17 poškodené | ||
| 952 | |0 0 |1 0 |4 0 |7 0 |a SNK |b SNK |d 2015-03-05 |f 1 |i snkČSP 384/81 |l 0 |o snkČSA 655/22/1980 |p 17A0787761 |r 2026-02-21 21:04:36 |t č. 1-26 |w 2026-02-21 |y PREZ | ||
| 952 | |0 0 |1 0 |4 0 |7 0 |a SNK |b SNK |d 2015-03-06 |i snkČSP 851/69 |l 0 |o snkČSA 655/1967 D1 |p 17A1142851 |r 2026-02-21 21:14:55 |t č. 1-38, neúplné |w 2026-02-21 |y PREZ |z chýba č. 34, 36 | ||
| 952 | |0 0 |1 0 |4 0 |7 0 |8 0 |a SNK |b SNK |d 2015-04-08 |f 1 |i snk2015/11763 |l 0 |o snkČSA 655/3/1960 |p 17A0783343 |r 2026-02-21 21:25:23 |t č. 13-24 |w 2026-02-21 |y PREZ | ||


